Statistics for NHL Players 22-23 Season - Metropolitan Division

Click here to take the quiz!

General Stats

  • This quiz has been taken 17 times
  • The average score is 76 of 258

Answer Stats

Team Name#Player Name% Correct
20 | 25Sebastian Aho
100%
8Alex Ovechkin
94%
37Andrei Svechnikov
94%
86Jack Hughes
94%
43Luke Hughes
94%
87Sidney Crosby
94%
10Artemi Panarin
88%
79Carter Hart
88%
71Evgeni Malkin
88%
31Frederik Andersen
88%
31Igor Shesterkin
88%
11Jordan Staal
88%
93Mika Zibanejad
88%
18Gabriel Carlsson
81%
8Jacob Trouba
81%
74John Carlson
81%
13Johnny Gaudreau
81%
58Kristopher Letang
81%
23Adan Fox
75%
7Dougie Hamilton
75%
90Elvis Merzlikins
75%
30Ilya Sorokin
75%
59Jake Guentzel
75%
88Martin Necas
75%
13Mathew Barzal
75%
19Nicklas Backstrom
75%
13Nico Hischier
75%
29Patrik Laine
75%
27Anders Lee
69%
32Antti Raanta
69%
20Chris Kreider
69%
92Evgeny Kuznetsov
69%
79K'Andre Miller
69%
88Patrick Kane
69%
86Teuvo Teravainen
69%
43Tom Wilson
69%
11Travis Konecny
69%
35Tristan Jarry
69%
38Boone Jenner
63%
17Bryan Rust
63%
74Jacob Slavin
63%
17Matt Martin
63%
⬇️ New Jersey Devils ⬇️2Brendan Smith
56%
8Brent Burns
56%
22Brett Pesce
56%
16Craig Smith
56%
35Darcy Kuemper
56%
63Jesper Bratt
56%
82Jesperi Kotkaniemi
56%
48Jordan Martinook
56%
40Semyon Varlamov
56%
24Ty Smith
56%
91Vladimir Tarasenko
56%
6Zac Jones
56%
13Alexis Lafreniere
50%
76Brady Skjei
50%
29Brock Nelson
50%
⬇️ Pittsburgh Penguins ⬇️1Casey DeSmith
50%
9Ivan Provorov
50%
93Jakub Voracek
50%
71Jonas Siegenthaler
50%
24Kaapo Kakko
50%
24Seth Jarvis
50%
8Zach Werenski
50%
3Adam Pelech
44%
40Akira Schmid
44%
39Anthony Mantha
44%
⬇️ New York Rangers ⬇️4Braden Schneider
44%
72Filip Chytil
44%
41Jaroslav Halak
44%
77Jeff Carter
44%
6John Marino
44%
8Noah Dobson
44%
96Timo Meier
44%
77T.J. Oshie
44%
77Tony DeAngelo
44%
16Vincent Trocheck
44%
21Barclay Goodrow
38%
15Cal Clutterbuck
38%
79Charlie Lindgren
38%
28Damon Severson
38%
56Erik Haula
38%
96Jack Roslovic
38%
71Jesper Fast
38%
91Kent Johnson
38%
29Machenzie Blackwood
38%
18Ondrej Palat
38%
52Pyotr Kochetkov
38%
55Ryan Lindgren
38%
6Ryan Pulock
38%
90Tomas Tatar
38%
14Bo Horvat
31%
34Cole Sillinger
31%
91Dawson Mercer
31%
17Dylan Strome
31%
16Jason Zucker
31%
44Jean-Gabriel Pageau
31%
13Jesse Puljujarvi
31%
12Joshua Bailey
31%
88Kevin Bahl
31%
13Kevin Hayes
31%
25Libor Hajek
31%
67Max Pacioretty
31%
26Paul Stastny
31%
15Sonny Milano
31%
23Stefan Noesen
31%
14Tyler Motte
31%
28Alexander Romanov
25%
5Ben Harpur
25%
53Casey Cizikas
25%
21Derek Stepan
25%
44Erik Gudbranson
25%
⬇️ Carolina Hurricanes ⬇️5Jalen Chatfield
25%
25James Van Riemsdyk
25%
86Joel Farabee
25%
21Kyle Palmieri
25%
42Martin Fehervary
25%
44Miles Wood
25%
⬇️ Washington Capitals ⬇️3Nick Jensen
25%
26Oliver Wahlstrom
25%
74Owen Tippett
25%
55Rasmus Ristolainen
25%
33Ryan Graves
25%
41Shayne Gostisbehere
25%
57Trevor van Riemsdyk
25%
41Vitek Vanacek
25%
17Yegor Sharangovich
25%
11Zach Parise
25%
27Adam Boqvist
19%
⬇️ Columbus Blue Jackets ⬇️2Andrew Peeke
19%
8Brian Dumoulin
19%
45Cam York
19%
28Connor Brown
19%
42Curtis Lazar
19%
18Jack Drury
19%
26Jeff Petry
19%
70Jesper Boqvist
19%
26Jimmy Vesey
19%
20Michael McLeod
19%
13Nick Bonino
19%
77Niko Mikkola
19%
73Ondrej Kase
19%
73Pierre-Olivier Joseph
19%
21Scott Laughton
19%
⬇️ Philadelphia Flyers ⬇️6Travis Sanheim
19%
10Alexander Holtz
13%
59Aliaksei Protas
13%
22Brendan Lemieux
13%
2Chad Ruhwedel
13%
24Connor McMichael
13%
55David Jiricek
13%
50Eric Robinson
13%
32Felix Sandstrom
13%
20Hudson Fasching
13%
59Jackson Cates
13%
76Jonny Brodzinski
13%
61Justin Braun
13%
36Justin Richards
13%
28Marcus Pettersson
13%
48Morgan Frost
13%
14Nathan Bastian
13%
96Nicolas Aube-Kubel
13%
44Nicolas Deslauriers
13%
49Noah Cates
13%
25Nolan Foote
13%
38Rasmus Sandin
13%
67Rickard Rakell
13%
25Ryan Poehling
13%
33Samuel Ersson
13%
62Samuel Knazko
13%
22Samuel Poulin
13%
24Scott Mayfield
13%
10Simon Holmstrom
13%
12Tyce Thompson
13%
50Will Cuylle
13%
27Alexander Alexeyev
6%
19Alexander Nylander
6%
16Arnaud Durandeau
6%
44Calvin de Haan
6%
40Daniil Tarasov
6%
43Danton Heinen
6%
10Drew O'Connor
6%
40Dustin Tokarski
6%
15Dylan Coghlan
6%
52Emil Bemstrom
6%
42Hayden Hodgson
6%
22Jake Bean
6%
15Jake Leschyshyn
6%
44Jan Rutta
6%
73Jet Greaves
6%
91Joe Snively
6%
32Jon Gillies
6%
17Justin Danforth
6%
20Kieffer Bellows
6%
46Lucas Johansen
6%
24Mathieu Olivier
6%
52Matt Irwin
6%
42Max Lajoie
6%
31Michael Hutchinson
6%
64Mikael Granlund
6%
26Nic Dowd
6%
77Nick Blankenburg
6%
41Nikita Soshnikov
6%
18Pierre Engvall
6%
⬇️ New York Islanders ⬇️2Robin Salo
6%
22Ryan Carpenter
6%
4Samuel Bolduc
6%
81Stanislav Svozil
6%
75Tim Berni
6%
57Wade Allison
6%
59Yegor Chinakhov
6%
50Adam Ginning
0%
18Andy Andreoff
0%
47Beck Malenstyn
0%
6Billy Sweezey
0%
16Brendan Gaunce
0%
72Carson Meyer
0%
54Cole Bardreau
0%
73Conor Sheary
0%
7Dennis Cholowski
0%
7Dmitri Kulikov
0%
18Drake Caggiula
0%
25Dylan McIlrath
0%
54Egor Zamula
0%
73Elliot Desnoyers
0%
36Filip Hallander
0%
15Gavin Bayreuther
0%
13Henrik Borgstrom
0%
41Hunter McKown
0%
23Jake Christiansen
0%
45Jonathan Gruden
0%
46Joona Luoto
0%
15Josh Archibald
0%
21Joshua Dunne
0%
86Kirill Marchenko
0%
18Lane Pederson
0%
19Liam Foudy
0%
23Lukas Sedlak
0%
47Marcus Bjork
0%
52Mark Friedman
0%
71Max Willman
0%
82Mikael Pyyhtia
0%
24Nick Seeler
0%
82Nikita Okhotyuk
0%
62Olle Lycksell
0%
36Otto Koivula
0%
38Parker Wotherspoon
0%
47Ronnie Attard
0%
32Ross Johnston
0%
7Sean Kuraly
0%
58Tanner Laczynski
0%
4Taylor Fedun
0%
64Trey Fix-Wolansky
0%
39Tyler Angle
0%
52Tyson Foerster
0%
6Vincent Iorio
0%
14William Dufour
0%

Score Distribution

Percentile by Number Answered

Percent of People with Each Score

Your Score History

You have not taken this quiz